000 00895nam a22001937a 4500
999 _c62636
_d62636
003 Ge_BSU
005 20241225113020.0
008 241225s1971 ge ||||| |||| 00| 0 geo d
041 _ageo
080 _a61(479.22)(092) ბ-13
100 _aბაბუხადია, ვასილ
_922450
245 _aერმალო თოდაძე :
_b [საქართველოში უროლოგიის ერთ-ერთი ფუძემდებელი] /
_c ვასილ ბაბუხადია.
264 _aთბილისი :
_bსაბჭ. საქართველო,
_c1971.
300 _a47 გვ.
_b ილ. ;
_c20 სმ.
653 _aთოდაძე, ერმალო
653 _aქართველი ექიმები
653 _aუროლოგია საქართველოში
942 _2udc
_cᲬᲘᲒᲜᲘ